Κατάλογος Βιβλιοθηκών Mediterranean College

Ένας Kόσμος χωρίς τη Wall Street; / Προτάσεις για ένα Νέο Παγκόσμιο Οικονομικό Σύστημα (Record no. 3120)

MARC details
000 -LEADER
fixed length control field 01905cam a22001934a 4500
005 - ΗΜΕΡΟΜΗΝΙΑ ΚΑΙ ΩΡΑ ΤΕΛΕΥΤΑΙΑΣ ΕΝΗΜΕΡΩΣΗΣ
Πεδίο ελέγχου 20250605164105.0
008 - FIXED-LENGTH DATA ELEMENTS--GENERAL INFORMATION
Πεδίο ελέγχου σταθερού μήκους 250528s ||||||||||||||||||||||||d
035 ## - SYSTEM CONTROL NUMBER
System control number 17719
020 ## - ISBN
ISBN 9789606698477
040 ## - ΠΗΓΗ ΚΑΤΑΛΟΓΟΓΡΑΦΗΣΗΣ
Φορέας πρωτότυπης καταλογογράφησης MC Athens Campus Library
Γλώσσα καταλογογράφησης Ελληνικά, Μοντέρνα (1453-)
Modifying agency MC Athens Campus Library
Κανόνες περιγραφικής καταλογογράφησης AACR2
245 1# - ΤΙΤΛΟΣ ΚΑΙ ΔΗΛΩΣΗ ΥΠΕΥΘΥΝΟΤΗΤΑΣ
Τίτλος Ένας Kόσμος χωρίς τη Wall Street; / Προτάσεις για ένα Νέο Παγκόσμιο Οικονομικό Σύστημα
260 ## - PUBLICATION, DISTRIBUTION, ETC.
Name of publisher, distributor, etc. Ημερησία Α.Ε,
Date of publication, distribution, etc. 2014
300 ## - PHYSICAL DESCRIPTION
Extent 224
520 ## - SUMMARY, ETC.
Summary, etc. Για να σταματήσει κάθε κερδοσκοπία πάνω στα επιτόκια και στις συναλλαγματικές ισοτιμίες, πρέπει να διήμιουργήσουμε ένα διεθνές νομισματικό σύστημα που να επιτρέπει τη διαχείριση του νομίσματος. Εισαγωγή, Ο Κόσμος χωρίς τη Wall Street: Το Αδιέξοδο, Η Παντοδυναμία του Παγκοσμιοποιημένου Χρηματοοικονομικού Συστήματος και των Αγορών του, Το Ωστικό Κύμα που Σαρώνει την Εργασία και το Περιβάλλον και την Πολιτική, Ρήγμα στο Αδιέξοδο: Ένας Kόσμος χωρίς τη Wall Street, Προϋπόθεση για τη Ρήξη και η Αλλαγή του Θεωρητικού Λογισμικού των Οικονομολόγων, Σχεδιασμός Συνεκτικής Πολιτικής Δράσης, Η Αλλαγή της Χρηματοοικονομικής Λογικής Απαιτεί την Αναθεώρηση της Έννοιας του Δικαιώματος Ιδιοκτησίας, Συμπέρασμα, Παραρτήματα, Βιβλιογραφία.
700 1# - ΠΡΟΣΘΕΤΗ ΑΝΑΓΡΑΦΗ--ΦΥΣΙΚΟ ΠΡΟΣΩΠΟ
Personal name Morin Francois
9 (RLIN) 3907
942 ## - ADDED ENTRY ELEMENTS (KOHA)
Koha item type Books
Holdings
Τύπος τεκμηρίου Βιβλιοθήκη Τρέχουσα τοποθεσία Barcode Αριθμός εισαγωγής Ημερομηνία απόκτησης Ταξιθετικό σύμβολο Αριθμός αντιτύπου Κατάσταση απόσυρσης Κατάσταση χαμένου Κατάσταση κατεστραμμένου Μη δανεισμός Σύνολο δανεισμών Ημερομηνία τελευταίας εμφάνισης Η τιμή ισχύει από
Books MC Athens Campus Library MC Athens Campus Library 9780000031198 6095 05/06/2025 330.9 MOR 1           05/06/2025 05/06/2025

MC Athens Campus Library
Πατησίων 94 & Κοδριγκτώνος 13, 104 34
Πελλήνης 8 & Πατησίων 107, 112 51
Τ: +30 210 8899600

MC Thessaloniki Campus Library
Ίωνος Δραγούμη 21, 54625 | Ίωνος Δραγούμη 15, 54625
Τ: +30 2310 287779 – Τ: +30 2314 440300